| 000 | 00407nam a2200181Ia 4500 | ||
|---|---|---|---|
| 001 | 8670 | ||
| 005 | 20260306160627.0 | ||
| 008 | 260306t2011||||xx |||||||||||||| ||spa|| | ||
| 041 | _aESP | ||
| 082 |
_a371.27 _bN25 |
||
| 100 |
_aNarvarte, Mariana E. _eAUT |
||
| 245 | 0 | _aEvaluación | |
| 260 | _c2011 | ||
| 300 |
_a312 pƔginas : _c26 cm. |
||
| 650 | _aGEN | ||
| 654 | _aCED | ||
| 942 |
_cLIB _dJUS _fJUS _2ddc _n |
||
| 999 |
_c8670 _d8670 |
||